| 000 | 00708nam a22002057a 4500 | ||
|---|---|---|---|
| 003 | 0 | ||
| 005 | 20250129104139.0 | ||
| 008 | 150928b xxu||||| |||| 00| 0 eng d | ||
| 050 |
_aPGS BF 723.S43 _b.P139 2015 |
||
| 100 | _aPaguia, Jared Matthew Z. | ||
| 245 |
_aVideo games engagement and self-control / _cJared Matthew Z. Paguia. |
||
| 260 |
_aLas PiƱas City, Philippines : _bSouthville International School and Colleges, _c2015. |
||
| 300 |
_a23 pages.; _bill. ; _c28 cm. |
||
| 504 | _aIncludes bibliographical references. | ||
| 650 |
_aVideo games _vPsychological aspects. |
||
| 650 |
_aVideo games _vSocial aspects. |
||
| 650 | _aSelf-control. | ||
| 650 | _aChild psychology. | ||
| 942 |
_2lcc _cPASS |
||
| 999 |
_c288759 _d288759 |
||